• 首页
  • 本馆介绍
  • 公告通知
  • 最新文献
  • 馆藏检索
  • 电子资源
  • 读者导购
  • 参考咨询
  • 我的图书馆
  • 登录
  • 详细信息显示
  • 放入我的书架
  • 预约/预借图书
  • 作者相关作品
  • 分类相关作品
  • 丛书相关作品
  • 出版社相关作品

书目信息

  • 表格格式
  • 工作单格式
  • 卡片格式
题名:
爱与意志
    
 
作者: 罗洛·梅 ;冯川
分册:  
出版信息:   国际文化出版公司  1987.08.01 00:00:00
页数: 415
开本: 20cm
丛书名:
单 册:
中图分类: B3
科图分类:
主题词: 哲学--亚洲
电子资源:
ISBN:
000 00555nam0 2200193 450
001 2461988263
005 20250328090050.01
100    @a20241015d km y0chiy0120 ea
101 0  @achi
200 1  @a爱与意志@AAi Yu Yi Zhi@f罗洛·梅@FLuo Luo·Mei@g冯川@GFeng Chuan
205    @a第一版
210    @c国际文化出版公司@d1987.08.01 00:00:00
215    @a415@d20cm
606 0  @a哲学@x亚洲
690    @aB3@v4
701  0 @a罗洛·梅@ALuo Luo·Mei
702  0 @a冯川@AFeng Chuan
801  0 @aCN@b大连网信软件有限公司图书馆·11@c20250328
905    @aZUCC@b1053036@dB3@e7
    
    爱与意志/罗洛·梅/冯川.-第一版.-国际文化出版公司,1987.08.01 00:00:00
    415;20cm
    
    
    ISBN :
    
●
相关链接 在E读中查询图书 在五车中查询图书 在当当中查询图书 在豆瓣中查询图书


正题名:爱与意志     索取号:B3/7         预约/预借

序号 登录号 条形码 馆藏地/架位号 状态 备注
1 1053036   210530362   特藏室(三层)/ [索取号:B3/7] 在馆    
唐山师范学院图书馆 欢迎您!
大连网信软件有限公司© 版权所有